Diary of a madman, and other stories /

Bibliographic Details
Main Author: Gogolʹ, Nikolaĭ Vasilʹevich, 1809-1852
Format: Book
Language:English
Russian
Published: Harmondsworth : Penguin, 1972.
Series:Penguin classics.

MARC

Tag First Indicator Second Indicator Subfields
LEADER 00000cam a2200000 4500
001 in00000483713
005 20170117110941.0
008 730320s1972 enk 00001 eng
010 |a  73156285  
015 |a B72-32047 
020 |a 0140442731  |c 0.35 ($1.75 U.S.) 
035 |a (OCoLC)00605933 
035 |9 ACB2717AM 
040 |a DLC  |c DLC  |d TXA  |d UtOrBLW 
041 1 |a eng  |a rus 
049 |a TXAM  |c [1104334] 
050 0 0 |a PZ3.G558  |b Di8  |a PG3333.A15 
090 |a PG3333.A15  |b D53 1972 
100 1 |a Gogolʹ, Nikolaĭ Vasilʹevich,  |d 1809-1852. 
245 1 0 |a Diary of a madman, and other stories /  |c [by] Gogol; translated with an introduction by Ronald Wilks. 
264 1 |a Harmondsworth :  |b Penguin,  |c 1972. 
300 |a 188 pages ;  |c 18 cm. 
336 |a text  |b txt  |2 rdacontent 
337 |a unmediated  |b n  |2 rdamedia 
338 |a volume  |b nc  |2 rdacarrier 
490 1 |a Penguin classics 
505 0 |a Diary of a madman.--The nose.--The overcoat.--How Ivan Ivanovich quarrelled with Ivan Nikiforovich.--Ivan Fyodorovich Shponka and his aunt. 
830 0 |a Penguin classics. 
999 |a MARS 
999 f f |s 71003811-4db7-3b61-b5f2-1c0c7d0b224e  |i f153c55b-41da-3728-ab85-47e2727f8079  |t 0 
952 f f |p normal  |a Texas A&M University  |b College Station  |c Sterling C. Evans Library  |d Evans: Library Stacks  |t 0  |e PG3333.A15 D53 1972  |h Library of Congress classification  |i unmediated -- volume  |m A14804232973 
998 f f |a PG3333.A15 D53 1972  |t 0  |l Evans: Library Stacks